Oeuvres complètes de Racan. (Registro nro. 162864)
[ vista simple ]
| 000 -LEADER | |
|---|---|
| campo de control de longitud fija | 01049nam a22002055i 4500 |
| 001 - NÚMERO DE CONTROL | |
| campo de control | 162864 |
| 003 - IDENTIFICADOR DE NÚMERO DE CONTROL | |
| campo de control | ES-MaACL |
| 005 - FECHA Y HORA DE LA ÚLTIMA TRANSACCIÓN | |
| campo de control | 20230906212623.0 |
| 008 - DATOS DE LONGITUD FIJA--INFORMACIÓN GENERAL | |
| campo de control de longitud fija | 050706s1857 fr |||| | fre d |
| 040 ## - FUENTE DE CATALOGACIÓN | |
| Centro catalogador/agencia de origen | CAM |
| Lengua de catalogación | spa |
| Centro/agencia transcriptor | CAM |
| 100 1# - ENTRADA PRINCIPAL--NOMBRE DE PERSONA | |
| Nombre de persona | Racan, Honorat de Bueil. |
| 9 (RLIN) | 131551 |
| 245 10 - MENCIÓN DEL TÍTULO | |
| Título | Oeuvres complètes de Racan. |
| 250 ## - MENCION DE EDICION | |
| Mención de edición | Nouvelle éd. |
| Resto de la mención de edición | rev. et ann. par M. Tenant de Latour, avec une notice biographique et littéraire par M. Antoine de Latour. |
| 260 ## - PUBLICACIÓN, DISTRIBUCIÓN, ETC. | |
| Lugar de publicación, distribución, etc. | A Paris : |
| Nombre del editor, distribuidor, etc. | P. Jannet, |
| Fecha de publicación, distribución, etc. | 1857 ( |
| Fabricante | Imprimé par Guiraudet et Jouaust) |
| 300 ## - DESCRIPCIÓN FÍSICA | |
| Extensión | 2 v. (LXXII, 360; 416 p.) ; |
| Dimensiones | 17 cm. |
| 505 8# - NOTA DE CONTENIDO CON FORMATO | |
| Nota de contenido con formato | Contiene: t. I. Préface. Notice sur la vie et les ouvrages de Racan. Les bergeries. Odes. Stances. Sonnets. Epigrammes et chansons. Harangue prononcée en l'Académie le 9 juillet 1635. Mémoires pour la vie de Malherbe. Lettres. -- t. II. Les pseaumes. Cantiques, hymnes, etc |
| 700 1# - ENTRADA AGREGADA--NOMBRE PERSONAL | |
| Nombre de persona | Tenant de Latour, Jean Baptiste. |
| 9 (RLIN) | 133174 |
| 700 1# - ENTRADA AGREGADA--NOMBRE PERSONAL | |
| Nombre de persona | Latour, Antoine de ( |
| Fechas asociadas al nombre | 1808-1881) |
| 9 (RLIN) | 128733 |
| 852 ## - LOCALIZACIÓN | |
| Ubicación | ES-MaACL |
| Número de control de estantería | G-2328-29 |
| Nota libre | -- Enc. tela grabada |
| Estatus retirado | Estado de pérdida | Estado de daño | No para préstamo | Colección | Biblioteca de origen | Biblioteca actual | Ubicación en estantería | Fecha de adquisición | Total de préstamos | Signatura topográfica completa | Código de barras | Visto por última vez | Precio de reemplazo | Tipo de ítem Koha |
|---|---|---|---|---|---|---|---|---|---|---|---|---|---|---|
| Libros del s. XIX | Biblioteca del Ateneo de Madrid | Biblioteca del Ateneo de Madrid | Depósito 2 | 17/01/2008 | G-2328-29 | 1170638 | 23/02/2023 | 23/02/2023 | Libro impreso antiguo |
